<?xml version="1.0" encoding="UTF-8"?>
<collection xmlns="http://www.loc.gov/MARC21/slim">
 <record>
  <leader>05301nam a2200529 a 4500</leader>
  <controlfield tag="001">15335985</controlfield>
  <controlfield tag="008">100823s2009    enk           001 0 eng d</controlfield>
  <datafield tag="999" ind1=" " ind2=" ">
   <subfield code="c">9302</subfield>
   <subfield code="d">9302</subfield>
  </datafield>
  <datafield tag="010" ind1=" " ind2=" ">
   <subfield code="a">  2008027365</subfield>
  </datafield>
  <datafield tag="016" ind1="7" ind2=" ">
   <subfield code="a">014783430</subfield>
   <subfield code="2">Uk</subfield>
  </datafield>
  <datafield tag="020" ind1=" " ind2=" ">
   <subfield code="a">9788120338975</subfield>
  </datafield>
  <datafield tag="020" ind1=" " ind2=" ">
   <subfield code="a">9780273713630 (pbk. : alk. paper)</subfield>
  </datafield>
  <datafield tag="020" ind1=" " ind2=" ">
   <subfield code="a">0273713639 (pbk. : alk. paper)</subfield>
  </datafield>
  <datafield tag="040" ind1=" " ind2=" ">
   <subfield code="a">DLC</subfield>
   <subfield code="c">DLC</subfield>
   <subfield code="d">UKM</subfield>
   <subfield code="d">YDXCP</subfield>
   <subfield code="d">BWK</subfield>
   <subfield code="d">BWKUK</subfield>
   <subfield code="d">OCLCQ</subfield>
   <subfield code="d">DLC</subfield>
   <subfield code="d">DB-DhAAL</subfield>
  </datafield>
  <datafield tag="082" ind1="0" ind2="0">
   <subfield code="a">658.15</subfield>
   <subfield code="2">22</subfield>
  </datafield>
  <datafield tag="100" ind1="1" ind2=" ">
   <subfield code="a">Van Horne, James C.</subfield>
   <subfield code="9">26417</subfield>
  </datafield>
  <datafield tag="245" ind1="1" ind2="0">
   <subfield code="a">Fundamentals of financial management /</subfield>
   <subfield code="c">James C. Van Horne and John M. Wachowicz, Jr.</subfield>
  </datafield>
  <datafield tag="250" ind1=" " ind2=" ">
   <subfield code="a">13th edition</subfield>
  </datafield>
  <datafield tag="260" ind1=" " ind2=" ">
   <subfield code="a">Harlow, England ;</subfield>
   <subfield code="a">New York ;</subfield>
   <subfield code="a">New Delhi :</subfield>
   <subfield code="b">Financial Times/Prentice Hall,</subfield>
   <subfield code="c">2009.[reprinted]</subfield>
  </datafield>
  <datafield tag="300" ind1=" " ind2=" ">
   <subfield code="a">xxiii, 719 pages ;</subfield>
   <subfield code="c">27 cm.</subfield>
  </datafield>
  <datafield tag="504" ind1=" " ind2=" ">
   <subfield code="a">Includes index.</subfield>
  </datafield>
  <datafield tag="541" ind1="1" ind2=" ">
   <subfield code="e">00020830</subfield>
  </datafield>
  <datafield tag="650" ind1=" " ind2="0">
   <subfield code="a">Corporations</subfield>
   <subfield code="x">Finance.</subfield>
   <subfield code="9">26418</subfield>
  </datafield>
  <datafield tag="650" ind1=" " ind2="0">
   <subfield code="a">Business enterprises</subfield>
   <subfield code="x">Finance.</subfield>
   <subfield code="9">26419</subfield>
  </datafield>
  <datafield tag="700" ind1="1" ind2=" ">
   <subfield code="a">Wachowicz, John Martin.</subfield>
   <subfield code="9">26420</subfield>
  </datafield>
  <datafield tag="852" ind1="4" ind2=" ">
   <subfield code="a">Ayesha Abed Library </subfield>
   <subfield code="j">General Shelf.</subfield>
  </datafield>
  <datafield tag="942" ind1="0" ind2="0">
   <subfield code="0">12</subfield>
   <subfield code="2">ddc</subfield>
   <subfield code="c">BK</subfield>
  </datafield>
  <datafield tag="952" ind1=" " ind2=" ">
   <subfield code="0">0</subfield>
   <subfield code="1">0</subfield>
   <subfield code="2">ddc</subfield>
   <subfield code="4">0</subfield>
   <subfield code="6">658_150000000000000_VAN_2009</subfield>
   <subfield code="7">0</subfield>
   <subfield code="9">11685</subfield>
   <subfield code="a">BRACUL</subfield>
   <subfield code="b">BRACUL</subfield>
   <subfield code="c">GEN</subfield>
   <subfield code="d">2010-08-23</subfield>
   <subfield code="e">Development Book Agency</subfield>
   <subfield code="g">1050.00</subfield>
   <subfield code="l">22</subfield>
   <subfield code="m">148</subfield>
   <subfield code="o">658.15 VAN</subfield>
   <subfield code="p">3010020830</subfield>
   <subfield code="r">2016-08-09</subfield>
   <subfield code="s">2016-06-08</subfield>
   <subfield code="t">1</subfield>
   <subfield code="w">2010-08-23</subfield>
   <subfield code="y">BK</subfield>
  </datafield>
  <datafield tag="952" ind1=" " ind2=" ">
   <subfield code="0">0</subfield>
   <subfield code="1">4</subfield>
   <subfield code="2">ddc</subfield>
   <subfield code="4">0</subfield>
   <subfield code="6">658_150000000000000_VAN</subfield>
   <subfield code="7">0</subfield>
   <subfield code="9">11686</subfield>
   <subfield code="a">BRACUL</subfield>
   <subfield code="b">BRACUL</subfield>
   <subfield code="c">GEN</subfield>
   <subfield code="d">2010-08-23</subfield>
   <subfield code="e">Development Book Agency</subfield>
   <subfield code="g">1050.00</subfield>
   <subfield code="l">2</subfield>
   <subfield code="m">4</subfield>
   <subfield code="o">658.15 VAN</subfield>
   <subfield code="p">3010020829</subfield>
   <subfield code="r">2011-02-26</subfield>
   <subfield code="s">2011-01-27</subfield>
   <subfield code="t">2</subfield>
   <subfield code="w">2010-08-23</subfield>
   <subfield code="y">BK</subfield>
   <subfield code="x">Koha Inventory 2020</subfield>
  </datafield>
  <datafield tag="952" ind1=" " ind2=" ">
   <subfield code="0">0</subfield>
   <subfield code="1">0</subfield>
   <subfield code="2">ddc</subfield>
   <subfield code="4">0</subfield>
   <subfield code="6">658_150000000000000_VAN_2009</subfield>
   <subfield code="7">0</subfield>
   <subfield code="9">11687</subfield>
   <subfield code="a">BRACUL</subfield>
   <subfield code="b">BRACUL</subfield>
   <subfield code="c">GEN</subfield>
   <subfield code="d">2010-08-23</subfield>
   <subfield code="e">Development Book Agency</subfield>
   <subfield code="g">1050.00</subfield>
   <subfield code="l">27</subfield>
   <subfield code="m">124</subfield>
   <subfield code="o">658.15 VAN</subfield>
   <subfield code="p">3010020831</subfield>
   <subfield code="r">2016-08-08</subfield>
   <subfield code="s">2016-06-15</subfield>
   <subfield code="t">3</subfield>
   <subfield code="w">2010-08-23</subfield>
   <subfield code="y">BK</subfield>
  </datafield>
  <datafield tag="952" ind1=" " ind2=" ">
   <subfield code="0">0</subfield>
   <subfield code="1">0</subfield>
   <subfield code="2">ddc</subfield>
   <subfield code="4">0</subfield>
   <subfield code="6">658_150000000000000_VAN_2009</subfield>
   <subfield code="7">0</subfield>
   <subfield code="9">11688</subfield>
   <subfield code="a">BRACUL</subfield>
   <subfield code="b">BRACUL</subfield>
   <subfield code="c">GEN</subfield>
   <subfield code="d">2010-08-23</subfield>
   <subfield code="e">Development Book Agency</subfield>
   <subfield code="g">1050.00</subfield>
   <subfield code="l">25</subfield>
   <subfield code="m">121</subfield>
   <subfield code="o">658.15 VAN</subfield>
   <subfield code="p">3010020832</subfield>
   <subfield code="r">2025-03-20</subfield>
   <subfield code="s">2025-03-11</subfield>
   <subfield code="t">4</subfield>
   <subfield code="w">2010-08-23</subfield>
   <subfield code="y">BK</subfield>
  </datafield>
  <datafield tag="952" ind1=" " ind2=" ">
   <subfield code="0">0</subfield>
   <subfield code="1">0</subfield>
   <subfield code="2">ddc</subfield>
   <subfield code="4">0</subfield>
   <subfield code="6">658_150000000000000_VAN_2009</subfield>
   <subfield code="7">0</subfield>
   <subfield code="9">11689</subfield>
   <subfield code="a">BRACUL</subfield>
   <subfield code="b">BRACUL</subfield>
   <subfield code="c">GEN</subfield>
   <subfield code="d">2010-08-23</subfield>
   <subfield code="e">Development Book Agency</subfield>
   <subfield code="g">1050.00</subfield>
   <subfield code="l">29</subfield>
   <subfield code="m">159</subfield>
   <subfield code="o">658.15 VAN</subfield>
   <subfield code="p">3010020833</subfield>
   <subfield code="r">2025-06-29</subfield>
   <subfield code="s">2025-03-09</subfield>
   <subfield code="t">5</subfield>
   <subfield code="w">2010-08-23</subfield>
   <subfield code="y">BK</subfield>
  </datafield>
  <datafield tag="952" ind1=" " ind2=" ">
   <subfield code="0">0</subfield>
   <subfield code="1">0</subfield>
   <subfield code="2">ddc</subfield>
   <subfield code="4">0</subfield>
   <subfield code="6">658_150000000000000_VAN_2009</subfield>
   <subfield code="7">0</subfield>
   <subfield code="9">11690</subfield>
   <subfield code="a">BRACUL</subfield>
   <subfield code="b">BRACUL</subfield>
   <subfield code="c">GEN</subfield>
   <subfield code="d">2010-08-23</subfield>
   <subfield code="e">Development Book Agency</subfield>
   <subfield code="g">1050.00</subfield>
   <subfield code="l">9</subfield>
   <subfield code="m">44</subfield>
   <subfield code="o">658.15 VAN</subfield>
   <subfield code="p">3010020834</subfield>
   <subfield code="r">2025-03-16</subfield>
   <subfield code="s">2025-03-11</subfield>
   <subfield code="t">6</subfield>
   <subfield code="w">2010-08-23</subfield>
   <subfield code="y">BK</subfield>
  </datafield>
  <datafield tag="952" ind1=" " ind2=" ">
   <subfield code="0">0</subfield>
   <subfield code="1">0</subfield>
   <subfield code="2">ddc</subfield>
   <subfield code="4">0</subfield>
   <subfield code="6">658_150000000000000_VAN_2009</subfield>
   <subfield code="7">0</subfield>
   <subfield code="9">11691</subfield>
   <subfield code="a">BRACUL</subfield>
   <subfield code="b">BRACUL</subfield>
   <subfield code="c">GEN</subfield>
   <subfield code="d">2010-08-23</subfield>
   <subfield code="e">Development Book Agency</subfield>
   <subfield code="g">1050.00</subfield>
   <subfield code="l">25</subfield>
   <subfield code="m">154</subfield>
   <subfield code="o">658.15 VAN</subfield>
   <subfield code="p">3010020835</subfield>
   <subfield code="r">2019-01-20</subfield>
   <subfield code="s">2018-11-05</subfield>
   <subfield code="t">7</subfield>
   <subfield code="w">2010-08-23</subfield>
   <subfield code="y">BK</subfield>
  </datafield>
  <datafield tag="952" ind1=" " ind2=" ">
   <subfield code="0">0</subfield>
   <subfield code="1">4</subfield>
   <subfield code="2">ddc</subfield>
   <subfield code="4">0</subfield>
   <subfield code="6">658_150000000000000_VAN</subfield>
   <subfield code="7">0</subfield>
   <subfield code="9">11692</subfield>
   <subfield code="a">BRACUL</subfield>
   <subfield code="b">BRACUL</subfield>
   <subfield code="c">GEN</subfield>
   <subfield code="d">2010-08-23</subfield>
   <subfield code="e">Development Book Agency</subfield>
   <subfield code="g">1050.00</subfield>
   <subfield code="l">0</subfield>
   <subfield code="o">658.15 VAN</subfield>
   <subfield code="p">3010020836</subfield>
   <subfield code="r">2010-08-23</subfield>
   <subfield code="t">8</subfield>
   <subfield code="w">2010-08-23</subfield>
   <subfield code="y">BK</subfield>
   <subfield code="x">Koha Inventory 2020</subfield>
  </datafield>
  <datafield tag="952" ind1=" " ind2=" ">
   <subfield code="0">0</subfield>
   <subfield code="1">0</subfield>
   <subfield code="2">ddc</subfield>
   <subfield code="4">0</subfield>
   <subfield code="6">658_150000000000000_VAN_2009</subfield>
   <subfield code="7">0</subfield>
   <subfield code="9">11693</subfield>
   <subfield code="a">BRACUL</subfield>
   <subfield code="b">BRACUL</subfield>
   <subfield code="c">GEN</subfield>
   <subfield code="d">2010-08-23</subfield>
   <subfield code="e">Development Book Agency</subfield>
   <subfield code="g">1050.00</subfield>
   <subfield code="l">20</subfield>
   <subfield code="m">173</subfield>
   <subfield code="o">658.15 VAN</subfield>
   <subfield code="p">3010020837</subfield>
   <subfield code="r">2019-08-24</subfield>
   <subfield code="s">2019-05-25</subfield>
   <subfield code="t">9</subfield>
   <subfield code="w">2010-08-23</subfield>
   <subfield code="y">BK</subfield>
  </datafield>
  <datafield tag="952" ind1=" " ind2=" ">
   <subfield code="0">0</subfield>
   <subfield code="1">0</subfield>
   <subfield code="2">ddc</subfield>
   <subfield code="4">0</subfield>
   <subfield code="6">658_150000000000000_VAN_2009</subfield>
   <subfield code="7">0</subfield>
   <subfield code="9">11694</subfield>
   <subfield code="a">BRACUL</subfield>
   <subfield code="b">BRACUL</subfield>
   <subfield code="c">GEN</subfield>
   <subfield code="d">2010-08-23</subfield>
   <subfield code="e">Development Book Agency</subfield>
   <subfield code="g">1050.00</subfield>
   <subfield code="l">18</subfield>
   <subfield code="m">116</subfield>
   <subfield code="o">658.15 VAN</subfield>
   <subfield code="p">3010020838</subfield>
   <subfield code="r">2022-08-24</subfield>
   <subfield code="s">2022-08-22</subfield>
   <subfield code="t">10</subfield>
   <subfield code="w">2010-08-23</subfield>
   <subfield code="y">BK</subfield>
  </datafield>
  <datafield tag="952" ind1=" " ind2=" ">
   <subfield code="0">0</subfield>
   <subfield code="1">0</subfield>
   <subfield code="2">ddc</subfield>
   <subfield code="4">0</subfield>
   <subfield code="6">658_150000000000000_VAN</subfield>
   <subfield code="7">0</subfield>
   <subfield code="9">19510</subfield>
   <subfield code="a">BRACUL</subfield>
   <subfield code="b">BRACUL</subfield>
   <subfield code="c">GEN</subfield>
   <subfield code="d">2012-02-29</subfield>
   <subfield code="e">Greenway Trade International</subfield>
   <subfield code="g">1149.00</subfield>
   <subfield code="l">16</subfield>
   <subfield code="m">182</subfield>
   <subfield code="o">658.15 VAN</subfield>
   <subfield code="p">3010024617</subfield>
   <subfield code="r">2019-02-17</subfield>
   <subfield code="s">2018-09-27</subfield>
   <subfield code="t">11</subfield>
   <subfield code="w">2012-02-29</subfield>
   <subfield code="y">BK</subfield>
  </datafield>
  <datafield tag="952" ind1=" " ind2=" ">
   <subfield code="0">0</subfield>
   <subfield code="1">0</subfield>
   <subfield code="2">ddc</subfield>
   <subfield code="4">0</subfield>
   <subfield code="6">658_150000000000000_VAN</subfield>
   <subfield code="7">0</subfield>
   <subfield code="9">19511</subfield>
   <subfield code="a">BRACUL</subfield>
   <subfield code="b">BRACUL</subfield>
   <subfield code="c">GEN</subfield>
   <subfield code="d">2012-02-29</subfield>
   <subfield code="e">Greenway Trade International</subfield>
   <subfield code="g">1149.00</subfield>
   <subfield code="l">10</subfield>
   <subfield code="m">125</subfield>
   <subfield code="o">658.15 VAN</subfield>
   <subfield code="p">3010024618</subfield>
   <subfield code="r">2016-01-10</subfield>
   <subfield code="s">2015-09-19</subfield>
   <subfield code="t">12</subfield>
   <subfield code="w">2012-02-29</subfield>
   <subfield code="y">BK</subfield>
  </datafield>
  <datafield tag="952" ind1=" " ind2=" ">
   <subfield code="0">0</subfield>
   <subfield code="1">0</subfield>
   <subfield code="2">ddc</subfield>
   <subfield code="4">0</subfield>
   <subfield code="6">658_150000000000000_VAN</subfield>
   <subfield code="7">0</subfield>
   <subfield code="9">19512</subfield>
   <subfield code="a">BRACUL</subfield>
   <subfield code="b">BRACUL</subfield>
   <subfield code="c">GEN</subfield>
   <subfield code="d">2012-02-29</subfield>
   <subfield code="e">Greenway Trade International</subfield>
   <subfield code="g">1149.00</subfield>
   <subfield code="l">19</subfield>
   <subfield code="m">132</subfield>
   <subfield code="o">658.15 VAN</subfield>
   <subfield code="p">3010024619</subfield>
   <subfield code="r">2024-06-09</subfield>
   <subfield code="s">2024-06-03</subfield>
   <subfield code="t">13</subfield>
   <subfield code="w">2012-02-29</subfield>
   <subfield code="y">BK</subfield>
  </datafield>
  <datafield tag="952" ind1=" " ind2=" ">
   <subfield code="0">0</subfield>
   <subfield code="1">4</subfield>
   <subfield code="2">ddc</subfield>
   <subfield code="4">0</subfield>
   <subfield code="6">658_150000000000000_VAN</subfield>
   <subfield code="7">0</subfield>
   <subfield code="9">19513</subfield>
   <subfield code="a">BRACUL</subfield>
   <subfield code="b">BRACUL</subfield>
   <subfield code="c">GEN</subfield>
   <subfield code="d">2012-02-29</subfield>
   <subfield code="e">Greenway Trade International</subfield>
   <subfield code="g">1149.00</subfield>
   <subfield code="l">11</subfield>
   <subfield code="m">94</subfield>
   <subfield code="o">658.15 VAN</subfield>
   <subfield code="p">3010024620</subfield>
   <subfield code="r">2015-03-28</subfield>
   <subfield code="s">2015-03-23</subfield>
   <subfield code="t">14</subfield>
   <subfield code="w">2012-02-29</subfield>
   <subfield code="y">BK</subfield>
   <subfield code="x">Koha Inventory 2020</subfield>
  </datafield>
  <datafield tag="952" ind1=" " ind2=" ">
   <subfield code="0">0</subfield>
   <subfield code="1">0</subfield>
   <subfield code="2">ddc</subfield>
   <subfield code="4">0</subfield>
   <subfield code="6">658_150000000000000_VAN</subfield>
   <subfield code="7">0</subfield>
   <subfield code="9">19514</subfield>
   <subfield code="a">BRACUL</subfield>
   <subfield code="b">BRACUL</subfield>
   <subfield code="c">GEN</subfield>
   <subfield code="d">2012-02-29</subfield>
   <subfield code="e">Greenway Trade International</subfield>
   <subfield code="g">1149.00</subfield>
   <subfield code="l">26</subfield>
   <subfield code="m">258</subfield>
   <subfield code="o">658.15 VAN</subfield>
   <subfield code="p">3010024621</subfield>
   <subfield code="r">2025-09-21</subfield>
   <subfield code="s">2025-06-18</subfield>
   <subfield code="t">15</subfield>
   <subfield code="w">2012-02-29</subfield>
   <subfield code="y">BK</subfield>
  </datafield>
  <datafield tag="952" ind1=" " ind2=" ">
   <subfield code="0">0</subfield>
   <subfield code="1">0</subfield>
   <subfield code="2">ddc</subfield>
   <subfield code="4">0</subfield>
   <subfield code="6">658_150000000000000_VAN</subfield>
   <subfield code="7">0</subfield>
   <subfield code="9">19515</subfield>
   <subfield code="a">BRACUL</subfield>
   <subfield code="b">BRACUL</subfield>
   <subfield code="c">GEN</subfield>
   <subfield code="d">2012-02-29</subfield>
   <subfield code="e">Greenway Trade International</subfield>
   <subfield code="g">1149.00</subfield>
   <subfield code="l">11</subfield>
   <subfield code="m">95</subfield>
   <subfield code="o">658.15 VAN</subfield>
   <subfield code="p">3010024622</subfield>
   <subfield code="r">2025-03-24</subfield>
   <subfield code="s">2025-03-11</subfield>
   <subfield code="t">16</subfield>
   <subfield code="w">2012-02-29</subfield>
   <subfield code="y">BK</subfield>
  </datafield>
  <datafield tag="952" ind1=" " ind2=" ">
   <subfield code="0">0</subfield>
   <subfield code="1">0</subfield>
   <subfield code="2">ddc</subfield>
   <subfield code="4">0</subfield>
   <subfield code="6">658_150000000000000_VAN</subfield>
   <subfield code="7">0</subfield>
   <subfield code="9">19516</subfield>
   <subfield code="a">BRACUL</subfield>
   <subfield code="b">BRACUL</subfield>
   <subfield code="c">GEN</subfield>
   <subfield code="d">2012-02-29</subfield>
   <subfield code="e">Greenway Trade International</subfield>
   <subfield code="g">1149.00</subfield>
   <subfield code="l">14</subfield>
   <subfield code="m">165</subfield>
   <subfield code="o">658.15 VAN</subfield>
   <subfield code="p">3010024623</subfield>
   <subfield code="r">2019-09-18</subfield>
   <subfield code="s">2019-05-25</subfield>
   <subfield code="t">17</subfield>
   <subfield code="w">2012-02-29</subfield>
   <subfield code="y">BK</subfield>
  </datafield>
  <datafield tag="952" ind1=" " ind2=" ">
   <subfield code="0">0</subfield>
   <subfield code="1">0</subfield>
   <subfield code="2">ddc</subfield>
   <subfield code="4">0</subfield>
   <subfield code="6">658_150000000000000_VAN</subfield>
   <subfield code="7">0</subfield>
   <subfield code="9">19517</subfield>
   <subfield code="a">BRACUL</subfield>
   <subfield code="b">BRACUL</subfield>
   <subfield code="c">GEN</subfield>
   <subfield code="d">2012-02-29</subfield>
   <subfield code="e">Greenway Trade International</subfield>
   <subfield code="g">1149.00</subfield>
   <subfield code="l">22</subfield>
   <subfield code="m">200</subfield>
   <subfield code="o">658.15 VAN</subfield>
   <subfield code="p">3010024624</subfield>
   <subfield code="r">2025-11-18</subfield>
   <subfield code="s">2025-11-16</subfield>
   <subfield code="t">18</subfield>
   <subfield code="w">2012-02-29</subfield>
   <subfield code="y">BK</subfield>
  </datafield>
  <datafield tag="952" ind1=" " ind2=" ">
   <subfield code="0">0</subfield>
   <subfield code="1">0</subfield>
   <subfield code="2">ddc</subfield>
   <subfield code="4">0</subfield>
   <subfield code="6">658_150000000000000_VAN</subfield>
   <subfield code="7">0</subfield>
   <subfield code="9">19518</subfield>
   <subfield code="a">BRACUL</subfield>
   <subfield code="b">BRACUL</subfield>
   <subfield code="c">GEN</subfield>
   <subfield code="d">2012-02-29</subfield>
   <subfield code="e">Greenway Trade International</subfield>
   <subfield code="g">1149.00</subfield>
   <subfield code="l">16</subfield>
   <subfield code="m">175</subfield>
   <subfield code="o">658.15 VAN</subfield>
   <subfield code="p">3010024625</subfield>
   <subfield code="r">2016-12-11</subfield>
   <subfield code="s">2016-11-23</subfield>
   <subfield code="t">19</subfield>
   <subfield code="w">2012-02-29</subfield>
   <subfield code="y">BK</subfield>
  </datafield>
  <datafield tag="952" ind1=" " ind2=" ">
   <subfield code="0">0</subfield>
   <subfield code="1">0</subfield>
   <subfield code="2">ddc</subfield>
   <subfield code="4">0</subfield>
   <subfield code="6">658_150000000000000_VAN</subfield>
   <subfield code="7">0</subfield>
   <subfield code="9">19519</subfield>
   <subfield code="a">BRACUL</subfield>
   <subfield code="b">BRACUL</subfield>
   <subfield code="c">GEN</subfield>
   <subfield code="d">2012-02-29</subfield>
   <subfield code="e">Greenway Trade International</subfield>
   <subfield code="g">1149.00</subfield>
   <subfield code="l">16</subfield>
   <subfield code="m">150</subfield>
   <subfield code="o">658.15 VAN</subfield>
   <subfield code="p">3010024626</subfield>
   <subfield code="r">2022-12-07</subfield>
   <subfield code="s">2022-11-30</subfield>
   <subfield code="t">20</subfield>
   <subfield code="w">2012-02-29</subfield>
   <subfield code="y">BK</subfield>
  </datafield>
 </record>
</collection>
